Atatürk aydınlığı (Record no. 9975)

MARC details
000 -BAŞLIK
Sabit Uzunlukta Kontrol Alanı 00778na a2200265 4500
001 - KONTROL NUMARASI
Denetim Alanı 13867
003 - KONTROL NUMARASI IDENTIFIER
Denetim Alanı MIRAKIL
005 - SON İŞLEM TARİHİ VE ZAMANI
Denetim Alanı 20181213155303.0
008 - SABİT-BOY VERİ ELEMANLARI - GENEL BİLGİLER
Sabit Uzunlukta Kontrol Alanı 160819b tu 000 0
020 ## - ULUSLARARASI STANDART KİTAP NUMARASI
Uluslararası Standart Kitap Numarası 9751717612
035 ## - SİSTEM KONTROL NUMARASI
Sistem Kontrol Numarası 13867
040 ## - KATALOGLAMA KAYNAK
Orijinal Kataloglama Ajansı Milas
Kataloglama Dili tur
Metne Dönüştürmek Ajansı TR-AnCHP
082 ## - DEWEY ONLU SINIFLANDIRMA NUMARASI
Sınıflandırma Numarası ATA 811
Ürün Numarası K23a 1997
090 ## - SINIFLAMA NUMARASI
Sınıflama Numarası ATA 811 K23a 1997
100 ## - ANA GİRİŞ - KİŞİSEL İSİM
Kişisel Ad Kahramanoğlu, Kemal
245 ## - BAŞLIK TABLOSU
Başlık Atatürk aydınlığı
Sorumluluk Tablosu, Vb Kemal Kahramanoğlu
260 ## - YAYIN, DAĞITIM, VB
Yayın, Dağıtım, Vb Yeri Ankara
Yayıncı, Dağıtıcı, Vs Adı Türk Tarih Kurumu
Yayın, Dağıtım, Vb Tarihi 1997
300 ## - FİZİKSEL TANIM
Kapsam xii, 261 s.
Diğer Fiziksel Ayrıntıları fotg.
Boyutlar 18 sm.
490 ## - SERİSİ TABLOSU
Seri Beyanı Atatürk kitapları dizisi
490 ## - SERİSİ TABLOSU
Seri Beyanı Kültür Bakanlığı yayınları
Hacim / Ardışık Tanımı 1921
504 ## - KAYNAKÇA VB NOT
Kaynakça Vb Notu Kaynakça var.
600 ## - KONU KATMA GİRİŞ - KURUMSAL ADI
Kişisel Ad Atatürk, Mustafa Kemal
Bir Adıyla İlişkilendirilen Tarihler 1881-1938
650 ## - KONU KATMA GİRİŞ - TOPİKAL DÖNEM
Topikal Süreli Veya Coğrafi Ad Giriş Elemanı Türk edebiyatı
Genel Alt Bölümü Şiir
Kronolojik Alt Bölümü 20. yüzyıl
942 ## - EKLENDİ GİRİŞ ELEMANLARI (KOHA)
Sınıflandırma Veya Raf Düzeni Kaynak Dewey Decimal Classification
Koha Öğesi Türü Books
999 ## - SİSTEM KONTROL NUMARALARI (KOHA)
Koha Biblionumber 9975
Koha Biblioitemnumber 9975
Holdings
Kalıcı Konum Mevcut Konum Edinme Tarihi Edinim Kaynak Toplam Check-Out'Lar Tam Çağrı Numarası Barkod Tarih Son Görülme İtibaren Geçerli Fiyatlar Koha Öğesi Türü
CHP Kütüphanesi CHP Kütüphanesi 08/19/2016 Bağış   ATA 811 K23a 1997 001704 08/19/2016 08/19/2016 Books